00254nam a22001217a 4500020001500000082001200015100001500027245002800042250000600070260002500076300000800101650002300109 a8177585428 a547 FIN aFinar I..L aOrganic Chemistry Vol.1 a6 aIndiabPearsonc2007 a965 aChemistryaOrganic